000 00732nam a22002057a 4500
005 20250226104820.0
008 241008b |||||||| |||| 00| 0 eng d
020 _a9789719820031
082 _aDFil 510 B216 2024
100 _aBaltazar, Ethel Cecille.
_962507
245 _aMathematics in the modern world /
_cEthel Cecille Baltazar, Carmelita Ragasa, and Justina Evangelista.
250 _aSecond edition.
260 _aQuezon City :
_bC&E Publishing, Inc.,
_c©2024.
300 _ax, 402 pages :
_billustrations ;
_c22 cm.
500 _aIncludes references and index.
650 0 _aMathematics.
_963812
700 _aRagasa, Carmelita.
_962508
_eauthor.
700 _aEvangelista, Justina.
_962509
_eauthor.
942 _2ddc
_cDFIL
999 _c22333
_d22333